000 00514cam a22002171 4500
001 sa 63003396
003 DLC
005 20260227111941.0
008 890825s1962 ii 000 1 hino
010 _asa 63003396
035 _a(OCoLC)20256685
040 _aDLC
_cWaU
_dDLC
042 _apremarc
050 0 0 _aPK2098.B3394
_bA9
100 0 _aBalvant Singh,
_d1920-1986.
245 1 0 _aAurata aura ābaśāra.
260 _c[1962]
300 _a119 p.
_c19 cm.
500 _aIn Hindi.
500 _aA novel.
999 _c55062
_d55062